Lyrics raten #45 - Statistics

General Stats
  • This quiz has been taken 10 times
  • The average score is 140 of 383
Answer Stats
Answer % Correct
da
100%
das
100%
den
100%
der
100%
die
100%
ich
100%
Ich
100%
sie
100%
es
90%
Dass
80%
Du
80%
du
80%
ein
80%
wie
80%
bis
70%
bist
70%
eine
70%
im
70%
bin
60%
dich
60%
dir,
60%
dir
60%
hab
60%
hast
60%
Ja
60%
(ja)
60%
lieb
60%
mein
60%
Meine
60%
meine
60%
mir
60%
sind
60%
so
60%
zu
60%
alle
50%
Alle
50%
als
50%
auf
50%
auf,
50%
ist
50%
Ist
50%
kann
50%
mit
50%
nicht
50%
nicht,
50%
nicht?
50%
was
50%
am
40%
dem
40%
einen
40%
Für
40%
für
40%
haben”
40%
machen
40%
machen,
40%
nach
40%
Nein,
40%
und
40%
Und
40%
Welt,
40%
anderen
30%
Ganzen
30%
Keiner
30%
Leben,
30%
“Leben
30%
nichts
30%
noch
30%
ob
30%
schon
30%
Vor
30%
will
30%
Zeit
30%
allem
20%
doch
20%
Doch
20%
eh
20%
gibt
20%
kannst
20%
man
20%
Sachen,
20%
seit
20%
Tag
20%
auch
10%
Baby?
10%
Freunde
10%
gar
10%
Jahren,
10%
komm
10%
Leute,
10%
niemals
10%
niemand
10%
nur
10%
oder
10%
paar
10%
pass
10%
red
10%
sagen
10%
über
10%
Viele
10%
Wieso
10%
akzeptiert
0%
Angst
0%
Antwort
0%
Bitte
0%
bleibt,
0%
Boden
0%
brauch
0%
bring
0%
Digga,
0%
dringend
0%
Druck,
0%
Ende
0%
erwachsen?
0%
Feelings
0%
fies?
0%
findet
0%
fragen
0%
gesagt
0%
getan,
0%
gewachsen?
0%
heisst
0%
Hilfe,
0%
ihnen
0%
Jeder
0%
klappen.
0%
klar
0%
Kopffick
0%
Kopffick,
0%
Kräfte
0%
kurz,
0%
lange
0%
Leichter
0%
leider
0%
Lieblingsdrogen
0%
mal
0%
Moshpit
0%
Motto
0%
Musik
0%
nehm
0%
oft
0%
okay
0%
Ott
0%
Paradies
0%
passen
0%
Saufen,
0%
schockt
0%
selbstverständlich
0%
spüren
0%
Termin
0%
Therapie,
0%
um
0%
Ventil
0%
verlassen
0%
verpassen
0%
Weed
0%
weiss
0%
wirst
0%
No matching quizzes found
Score Distribution
Percent of People with Each Score
Percentile by Number Answered
Your Score History
You have not taken this quiz